| 000 | 00470nam a2200193 a 4500 | ||
|---|---|---|---|
| 001 | 6062 | ||
| 003 | CO-ViMGA | ||
| 008 | 141112s2004 ck r 000 u spa d | ||
| 040 |
_aCO-ViMGA _bspa _cCO-ViMGA |
||
| 082 | 0 | 4 | _a575 G155 |
| 100 | 1 |
_aGamlin, Linda _94688 |
|
| 245 | 1 | 0 | _aEvolución |
| 260 |
_aBuenos Aires : _bEmece, _c1995 |
||
| 300 | _a63 p : il | ||
| 490 | _aCiencia visual | ||
| 650 | 1 | 4 |
_aEVOLUCION _94689 |
| 650 | 1 | 4 |
_aVIDA - ORIGEN _94898 |
| 942 |
_2ddc _cBK |
||
| 999 |
_c18036 _d18036 |
||